000 00371cam a22001457a 4500
008 180718b xxu||||| |||| 00| 0 eng d
082 _aA6x495 Om1
100 _aOman, C.W.C.
245 _aByzantine empire
_cby C.W.C. Oman
250 _a3rd ed.
260 _aLondon
_bT. Fisher Unwin
_c
300 _a364p.
500 _aThe Story of the nation
650 _aByzantine Empire
999 _c433021
_d433021